[Event "Bundesliga 9596"]
[Site "Deutschland"]
[Date "1996.??.??"]
[Round "?.6"]
[White "Luecke, Norbert"]
[Black "Breutigam, Martin"]
[Result "0-1"]
[WhiteElo "2395"]
[BlackElo "2340"]
[PlyCount "102"]
[EventDate "1995.10.??"]
[EventType "team"]
[EventRounds "15"]
[EventCountry "GER"]
[SourceTitle "Bundesliga 9596"]
[Source "DeepChess"]
[SourceDate "2005.01.01"]
[SourceVersion "1"]
[SourceVersionDate "2005.01.01"]
[SourceQuality "1"]
[WhiteTeam "SG Bochum 31"]
[BlackTeam "Delmenhorster SK 1931"]
[WhiteTeamCountry "GER"]
[BlackTeamCountry "GER"]

1. e4 e5 2. d4 exd4 3. Qxd4 Nc6 4. Qe3 Bb4+ 5. Nc3 Nge7 6. Bd2 d6 7. O-O-O O-O
8. h4 f5 9. Nh3 Ne5 10. Qg3 Qe8 11. f4 Ng4 12. Bc4+ Kh8 13. exf5 Bxf5 14. Rhe1
c6 15. Bd3 h5 16. Ne4 Bxd2+ 17. Rxd2 Qg6 18. Nhf2 d5 19. Ng5 Nxf2 20. Qxf2 Ng8
21. Qf3 Nh6 22. Re7 Rab8 23. Rde2 Bxd3 24. cxd3 Nf5 25. R2e6 Rf6 26. Nf7+ Kg8
27. Ne5 Qh6 28. Re8+ Rxe8 29. Rxe8+ Kh7 30. g3 Nxh4 31. Qe2 Nf5 32. Nd7 Nxg3
33. Nxf6+ Qxf6 34. Qe3 h4 35. Kc2 Nf5 36. Qf2 Qg6 37. Re5 Qg4 38. a4 h3 39. Kd2
Nh4 40. Re3 Ng2 41. Rg3 Qxf4+ 42. Qxf4 Nxf4 43. Rg4 Ng2 44. Rg3 Nf4 45. Rf3 g5
46. Ke3 Kg6 47. Rf1 Kh5 48. d4 Kh4 49. Kf3 h2 50. Ra1 Kh3 51. b4 Nh5 0-1

[Event "Bundesliga 9596"]
[Site "Deutschland"]
[Date "1996.??.??"]
[Round "?.7"]
[White "Schlemermeyer, Wilhelm"]
[Black "Buenermann, Volker"]
[Result "0-1"]
[WhiteElo "2345"]
[BlackElo "2280"]
[PlyCount "80"]
[EventDate "1995.10.??"]
[EventType "team"]
[EventRounds "15"]
[EventCountry "GER"]
[SourceTitle "Bundesliga 9596"]
[Source "DeepChess"]
[SourceDate "2005.01.01"]
[SourceVersion "1"]
[SourceVersionDate "2005.01.01"]
[SourceQuality "1"]
[WhiteTeam "Delmenhorster SK 1931"]
[BlackTeam "SG Bochum 31"]
[WhiteTeamCountry "GER"]
[BlackTeamCountry "GER"]

1. d4 Nf6 2. c4 g6 3. Nf3 Bg7 4. g3 O-O 5. Bg2 d6 6. O-O Nbd7 7. Nc3 e5 8. b3
Re8 9. Qc2 c6 10. Rd1 Qe7 11. e3 exd4 12. Nxd4 Nc5 13. Ba3 Bg4 14. Re1 Rad8 15.
h3 Bc8 16. Rad1 Nfe4 17. Nb1 Ng5 18. h4 Nge6 19. Qd2 f5 20. Nc3 Qf6 21. b4 Nxd4
22. exd4 Rxe1+ 23. Qxe1 Ne6 24. Ne2 f4 25. Rd3 Qf5 26. Qd1 fxg3 27. fxg3 Rf8
28. Rf3 Qg4 29. Rxf8+ Nxf8 30. b5 Ne6 31. bxc6 bxc6 32. d5 Nd4 33. Kf2 Be5 34.
Qd3 Nxe2 35. Qxe2 Qxg3+ 36. Kf1 Qxa3 37. dxc6 Qc1+ 38. Kf2 Qf4+ 39. Kg1 Bd4+
40. Kh1 Qxh4+ 0-1

[Event "Bundesliga 9596"]
[Site "Deutschland"]
[Date "1996.??.??"]
[Round "?.8"]
[White "Kitte, Sebastian"]
[Black "Lauber, Arnd"]
[Result "0-1"]
[WhiteElo "2265"]
[BlackElo "2355"]
[PlyCount "80"]
[EventDate "1995.10.??"]
[EventType "team"]
[EventRounds "15"]
[EventCountry "GER"]
[SourceTitle "Bundesliga 9596"]
[Source "DeepChess"]
[SourceDate "2005.01.01"]
[SourceVersion "1"]
[SourceVersionDate "2005.01.01"]
[SourceQuality "1"]
[WhiteTeam "SG Bochum 31"]
[BlackTeam "Delmenhorster SK 1931"]
[WhiteTeamCountry "GER"]
[BlackTeamCountry "GER"]

1. d4 f5 2. g3 Nf6 3. Bg2 g6 4. c4 Bg7 5. Nc3 O-O 6. Nh3 Nc6 7. Rb1 d6 8. d5
Ne5 9. b3 c5 10. O-O Rb8 11. Bd2 a6 12. a4 Ne8 13. Qc2 Nc7 14. a5 Bd7 15. Na4
Na8 16. Nf4 Qe8 17. Rbe1 b5 18. axb6 Nxb6 19. Nb2 Ng4 20. Bc3 g5 21. Bxg7 Kxg7
22. Nh3 Qh5 23. f3 Nf6 24. f4 h6 25. Qc1 Nc8 26. fxg5 hxg5 27. Qxg5+ Qxg5 28.
Nxg5 Rxb3 29. Nd3 Kh6 30. Ne6 Bxe6 31. dxe6 Nb6 32. Rxf5 Nxc4 33. g4 Rg8 34.
Ref1 Nxg4 35. R5f3 Nce3 36. Rh3+ Kg5 37. Ra1 Rgb8 38. Bf1 Rb1 39. Rxe3 Nxe3 40.
h4+ Kh6 0-1

[Event "Bundesliga 9596"]
[Site "Deutschland"]
[Date "1995.??.??"]
[Round "?.1"]
[White "Lutz, Christopher"]
[Black "Rogers, Ian"]
[Result "1-0"]
[WhiteElo "2575"]
[BlackElo "2600"]
[PlyCount "117"]
[EventDate "1995.10.??"]
[EventType "team"]
[EventRounds "15"]
[EventCountry "GER"]
[SourceTitle "Bundesliga 9596"]
[Source "DeepChess"]
[SourceDate "2005.01.01"]
[SourceVersion "1"]
[SourceVersionDate "2005.01.01"]
[SourceQuality "1"]
[WhiteTeam "SG Porz e.V."]
[BlackTeam "Delmenhorster SK 1931"]
[WhiteTeamCountry "GER"]
[BlackTeamCountry "GER"]

1. e4 c6 2. d4 d5 3. e5 Bf5 4. Nf3 e6 5. Be2 Nd7 6. O-O Ne7 7. Nh4 Bg6 8. Nd2
c5 9. c3 Nc6 10. Nxg6 hxg6 11. Nf3 Qb6 12. Rb1 Be7 13. Be3 Rc8 14. g3 cxd4 15.
cxd4 Qa5 16. a3 a6 17. h4 b5 18. Ra1 Qb6 19. b3 Bd8 20. Qd3 Ndb8 21. Rfc1 Qb7
22. Rc2 Ne7 23. Rxc8 Qxc8 24. Rc1 Nec6 25. Kg2 Qb7 26. Qc2 Bb6 27. b4 Na7 28.
Ng5 Nbc6 29. Bg4 Ne7 30. Nf3 Nf5 31. Bxf5 gxf5 32. Qd1 Bd8 33. Nd2 Nc8 34. Nb3
Nb6 35. Nc5 Qa8 36. Bg5 Bxg5 37. hxg5 g6 38. a4 bxa4 39. Nxa4 Nc4 40. Nc5 Kf8
41. Ra1 Qd8 42. Rxa6 Qxg5 43. Ra8+ Kg7 44. Rxh8 Kxh8 45. Qh1+ Kg7 46. Nd7 f4
47. Nf6 Nxe5 48. Ne8+ Kg8 49. dxe5 Qxe5 50. Qh6 f3+ 51. Kh2 d4 52. b5 d3 53. b6
d2 54. b7 d1=Q 55. b8=Q Qh5+ 56. Qxh5 gxh5 57. Nf6+ Kg7 58. Nxh5+ Kg6 59. Qe5
1-0

[Event "Bundesliga 9596"]
[Site "Deutschland"]
[Date "1995.??.??"]
[Round "?.3"]
[White "Christiansen, Larry Mark"]
[Black "Beckemeier, Werner"]
[Result "1/2-1/2"]
[WhiteElo "2590"]
[BlackElo "2380"]
[PlyCount "111"]
[EventDate "1995.10.??"]
[EventType "team"]
[EventRounds "15"]
[EventCountry "GER"]
[SourceTitle "Bundesliga 9596"]
[Source "DeepChess"]
[SourceDate "2005.01.01"]
[SourceVersion "1"]
[SourceVersionDate "2005.01.01"]
[SourceQuality "1"]
[WhiteTeam "SG Porz e.V."]
[BlackTeam "Delmenhorster SK 1931"]
[WhiteTeamCountry "GER"]
[BlackTeamCountry "GER"]

1. c4 Nf6 2. Nc3 e5 3. Nf3 Nc6 4. g3 g6 5. d4 exd4 6. Nxd4 Bg7 7. Bg2 O-O 8.
O-O Re8 9. Nxc6 bxc6 10. Bf4 Rb8 11. Qc2 Bb7 12. Rad1 c5 13. e4 d6 14. h3 Nd7
15. Rfe1 Ne5 16. b3 Nc6 17. Qd2 Nd4 18. Nb5 Nc6 19. Bh6 Bxh6 20. Qxh6 a6 21.
Nc3 Nd4 22. Qd2 Bc6 23. Re3 Qd7 24. Rde1 f6 25. h4 Qf7 26. Kh2 a5 27. Nd5 Ra8
28. f4 Kg7 29. g4 Bxd5 30. cxd5 g5 31. Rf1 gxf4 32. Rxf4 Qe7 33. Kh3 Kh8 34.
Re1 Rg8 35. Ref1 Qd7 36. Kh2 Rxg4 37. Rxg4 Qxg4 38. Qh6 Rg8 39. Qxf6+ Qg7 40.
h5 h6 41. e5 dxe5 42. Be4 Qxf6 43. Rxf6 Rg4 44. Rxh6+ Kg7 45. Rg6+ Rxg6 46.
Bxg6 Ne2 47. Kg2 Nc3 48. Kf3 Nxa2 49. Ke3 Nc3 50. Be4 a4 51. bxa4 Nxa4 52. Kd3
Nb6 53. Bf3 Kh6 54. Ke4 c4 55. Kxe5 c3 56. Bd1 1/2-1/2

[Event "Bundesliga 9596"]
[Site "Deutschland"]
[Date "1995.??.??"]
[Round "?.4"]
[White "Hermann, Manfred"]
[Black "Vaganian, Rafael A"]
[Result "0-1"]
[WhiteElo "2385"]
[BlackElo "2645"]
[PlyCount "72"]
[EventDate "1995.10.??"]
[EventType "team"]
[EventRounds "15"]
[EventCountry "GER"]
[SourceTitle "Bundesliga 9596"]
[Source "DeepChess"]
[SourceDate "2005.01.01"]
[SourceVersion "1"]
[SourceVersionDate "2005.01.01"]
[SourceQuality "1"]
[WhiteTeam "Delmenhorster SK 1931"]
[BlackTeam "SG Porz e.V."]
[WhiteTeamCountry "GER"]
[BlackTeamCountry "GER"]

1. d4 Nf6 2. Nf3 g6 3. Bg5 Bg7 4. Nbd2 O-O 5. e4 d5 6. Bd3 dxe4 7. Nxe4 Nxe4 8.
Bxe4 c5 9. c3 cxd4 10. Nxd4 Qa5 11. Be3 e5 12. Nb3 Qc7 13. f3 Nd7 14. O-O Nf6
15. Bc2 b6 16. Qc1 Ba6 17. Rd1 Rad8 18. Rxd8 Rxd8 19. Bh6 Nd5 20. Bxg7 Kxg7 21.
Qe1 Nf4 22. Rd1 Rxd1 23. Qxd1 h5 24. g3 Ne6 25. Nd2 Qc5+ 26. Kg2 Qe3 27. Nf1
Bxf1+ 28. Kxf1 Ng5 29. Kg2 h4 30. gxh4 Ne6 31. Bb3 Nf4+ 32. Kg3 Nd3 33. Qf1 e4
34. Bd5 Qf4+ 35. Kg2 Qd2+ 36. Kg3 e3 0-1

[Event "Bundesliga 9596"]
[Site "Deutschland"]
[Date "1995.??.??"]
[Round "?.5"]
[White "Stangl, Markus"]
[Black "Reefschlaeger, Helmut"]
[Result "1-0"]
[WhiteElo "2560"]
[BlackElo "2370"]
[PlyCount "120"]
[EventDate "1995.10.??"]
[EventType "team"]
[EventRounds "15"]
[EventCountry "GER"]
[SourceTitle "Bundesliga 9596"]
[Source "DeepChess"]
[SourceDate "2005.01.01"]
[SourceVersion "1"]
[SourceVersionDate "2005.01.01"]
[SourceQuality "1"]
[WhiteTeam "SG Porz e.V."]
[BlackTeam "Delmenhorster SK 1931"]
[WhiteTeamCountry "GER"]
[BlackTeamCountry "GER"]

1. Nf3 f5 2. d4 e6 3. Bf4 Nf6 4. h3 Bd6 5. Bxd6 cxd6 6. e3 b6 7. g4 Bb7 8. gxf5
O-O 9. Nbd2 exf5 10. Bc4+ Kh8 11. Qe2 Ne4 12. Rg1 d5 13. Bd3 Nc6 14. O-O-O Qe7
15. Rg2 Rf6 16. Rdg1 Rg8 17. Ng5 Nd8 18. Ndf3 Rh6 19. h4 d6 20. Ba6 Bc6 21. Bc8
Bd7 22. Qa6 Bxc8 23. Qxc8 Ne6 24. Qc6 N6xg5 25. Nxg5 Nf6 26. Qxd6 Qe8 27. Qc7
Rf8 28. Ne6 Qf7 29. Qd6 Re8 30. Nxg7 Ng4 31. Qf4 Kxg7 32. f3 Qe6 33. e4 Kh8 34.
e5 Rxh4 35. fxg4 Rxg4 36. Rxg4 fxg4 37. Rxg4 Rg8 38. Rg5 Rxg5 39. Qxg5 h6 40.
Qd8+ Kg7 41. b3 Kg6 42. a4 Kf5 43. Kd2 h5 44. Kd3 a6 45. Qh4 Qg6 46. c4 Ke6+
47. Kc3 Qb1 48. Qf6+ Kd7 49. Qd6+ Ke8 50. Qe6+ Kf8 51. Qxd5 Qc1+ 52. Kd3 Qd1+
53. Ke3 Qe1+ 54. Kf4 Qh4+ 55. Kf5 Qg4+ 56. Kf6 Qg7+ 57. Ke6 Qe7+ 58. Kf5 Qh7+
59. Kf4 Qh6+ 60. Kf3 Qg5 1-0

[Event "Bundesliga 9596"]
[Site "Deutschland"]
[Date "1995.??.??"]
[Round "?.6"]
[White "Breutigam, Martin"]
[Black "Vogt, Lothar"]
[Result "0-1"]
[WhiteElo "2340"]
[BlackElo "2475"]
[PlyCount "102"]
[EventDate "1995.10.??"]
[EventType "team"]
[EventRounds "15"]
[EventCountry "GER"]
[SourceTitle "Bundesliga 9596"]
[Source "DeepChess"]
[SourceDate "2005.01.01"]
[SourceVersion "1"]
[SourceVersionDate "2005.01.01"]
[SourceQuality "1"]
[WhiteTeam "Delmenhorster SK 1931"]
[BlackTeam "SG Porz e.V."]
[WhiteTeamCountry "GER"]
[BlackTeamCountry "GER"]

1. d4 d6 2. Nf3 g6 3. c4 Nf6 4. Nc3 Bg7 5. e3 O-O 6. Be2 c5 7. O-O Nc6 8. d5
Na5 9. e4 a6 10. Rb1 e6 11. b4 cxb4 12. Rxb4 exd5 13. exd5 Bg4 14. Be3 Nd7 15.
Na4 Re8 16. c5 Bxf3 17. Bxf3 dxc5 18. Nxc5 Rxe3 19. Nxd7 Rxf3 20. Nb6 Rf6 21.
Nxa8 Qxa8 22. d6 Qd8 23. d7 Re6 24. Qd5 Bf8 25. Rf4 Bd6 26. Rf3 Nc6 27. Rd1
Qxd7 28. g3 Qe7 29. Kg2 Bc5 30. Rb1 b6 31. h4 h5 32. a4 a5 33. Rf4 Ne5 34. Rd1
Rd6 35. Qa8+ Qf8 36. Qxf8+ Kxf8 37. Rxd6 Bxd6 38. Re4 Nc6 39. f3 Bb4 40. g4 Kg7
41. gxh5 gxh5 42. Kf1 Nd8 43. Re5 Kg6 44. Rg5+ Kh6 45. Rf5 Be7 46. Ke2 Kg6 47.
Rf4 Ne6 48. Rc4 Kf5 49. Kd3 Nf4+ 50. Kd4 Bxh4 51. Rc8 Bf2+ 0-1

[Event "Bundesliga 9596"]
[Site "Deutschland"]
[Date "1995.??.??"]
[Round "?.7"]
[White "Brunner, Lucas"]
[Black "Schlemermeyer, Wilhelm"]
[Result "1/2-1/2"]
[WhiteElo "2525"]
[BlackElo "2345"]
[PlyCount "105"]
[EventDate "1995.10.??"]
[EventType "team"]
[EventRounds "15"]
[EventCountry "GER"]
[SourceTitle "Bundesliga 9596"]
[Source "DeepChess"]
[SourceDate "2005.01.01"]
[SourceVersion "1"]
[SourceVersionDate "2005.01.01"]
[SourceQuality "1"]
[WhiteTeam "SG Porz e.V."]
[BlackTeam "Delmenhorster SK 1931"]
[WhiteTeamCountry "GER"]
[BlackTeamCountry "GER"]

1. d4 Nf6 2. c4 c5 3. d5 b5 4. cxb5 a6 5. b6 a5 6. Nc3 Ba6 7. f4 g6 8. Nf3 Bg7
9. e4 Bxf1 10. Rxf1 O-O 11. e5 Ne8 12. h4 Qxb6 13. Qe2 d6 14. h5 Nc7 15. hxg6
fxg6 16. Kf2 Nd7 17. Kg1 Qa6 18. Re1 Qxe2 19. Rxe2 Nb6 20. Bd2 Ncxd5 21. Nxd5
Nxd5 22. g3 Rfb8 23. Be1 Nb4 24. Rd2 a4 25. Kg2 a3 26. b3 Nc6 27. Rc1 Rd8 28.
Re2 h6 29. Bf2 Kf7 30. Nd2 Nb4 31. Ne4 Nd3 32. Rcc2 Nb4 33. Rcd2 Bf8 34. g4 Nc6
35. exd6 exd6 36. Bh4 Re8 37. Nxd6+ Bxd6 38. Rxe8 Rxe8 39. Rxd6 Nb4 40. Rd7+
Ke6 41. Ra7 Kd5 42. Kf3 Nxa2 43. Rxa3 Nc1 44. f5 g5 45. Bg3 Ne2 46. Bf2 Nd4+
47. Bxd4 Kxd4 48. Ra4+ Kd3 49. Rc4 Re3+ 50. Kf2 Re2+ 51. Kf3 Re3+ 52. Kf2 Re5
53. Kf3 1/2-1/2

[Event "Bundesliga 9596"]
[Site "Deutschland"]
[Date "1995.??.??"]
[Round "?.8"]
[White "Dornieden, Manfred"]
[Black "Mainka, Romuald"]
[Result "1/2-1/2"]
[WhiteElo "2265"]
[BlackElo "2530"]
[PlyCount "92"]
[EventDate "1995.10.??"]
[EventType "team"]
[EventRounds "15"]
[EventCountry "GER"]
[SourceTitle "Bundesliga 9596"]
[Source "DeepChess"]
[SourceDate "2005.01.01"]
[SourceVersion "1"]
[SourceVersionDate "2005.01.01"]
[SourceQuality "1"]
[WhiteTeam "Delmenhorster SK 1931"]
[BlackTeam "SG Porz e.V."]
[WhiteTeamCountry "GER"]
[BlackTeamCountry "GER"]

1. c4 e5 2. g3 d6 3. Bg2 g6 4. d4 Nd7 5. Nf3 Bg7 6. dxe5 dxe5 7. O-O Ngf6 8.
Nc3 O-O 9. h3 c6 10. Be3 Qe7 11. Qc2 Ne8 12. a3 f5 13. Rfd1 f4 14. gxf4 exf4
15. Bd4 Nc5 16. Bxg7 Nxg7 17. b4 Bf5 18. Qa2 Nce6 19. c5 Kh8 20. Qc4 Ng5 21.
Nxg5 Qxg5 22. Ne4 Qh5 23. Nd6 Be6 24. Qc3 g5 25. Rd4 g4 26. hxg4 Bxg4 27. Re4
f3 28. Rxg4 Qxg4 29. exf3 Qg6 30. Re1 Rf4 31. Re7 Raf8 32. Rxb7 h5 33. Rxa7
Rxf3 34. Qxg7+ Qxg7 35. Rxg7 Kxg7 36. Bxf3 Rxf3 37. b5 cxb5 38. c6 Rxa3 39. c7
Rc3 40. c8=Q Rxc8 41. Nxc8 b4 42. Nb6 b3 43. Nc4 Kf6 44. Kg2 Ke6 45. f4 Kd5 46.
Nb2 Ke4 1/2-1/2

[Event "Bundesliga 9596"]
[Site "Deutschland"]
[Date "1995.??.??"]
[Round "?.1"]
[White "Ribli, Zoltan"]
[Black "Rogers, Ian"]
[Result "0-1"]
[WhiteElo "2590"]
[BlackElo "2600"]
[PlyCount "79"]
[EventDate "1995.10.??"]
[EventType "team"]
[EventRounds "15"]
[EventCountry "GER"]
[SourceTitle "Bundesliga 9596"]
[Source "DeepChess"]
[SourceDate "2005.01.01"]
[SourceVersion "1"]
[SourceVersionDate "2005.01.01"]
[SourceQuality "1"]
[WhiteTeam "SK Passau 1869"]
[BlackTeam "Delmenhorster SK 1931"]
[WhiteTeamCountry "GER"]
[BlackTeamCountry "GER"]

1. Nf3 c5 2. c4 Nc6 3. d4 cxd4 4. Nxd4 g6 5. e4 Bg7 6. Be3 Nf6 7. Nc3 Ng4 8.
Qxg4 Nxd4 9. Qd1 Ne6 10. Rc1 Qa5 11. Be2 b6 12. Qd5 Qxd5 13. cxd5 Nd4 14. Bc4
Bb7 15. Kd2 e6 16. Rhd1 Rc8 17. b3 O-O 18. Kd3 exd5 19. Nxd5 Nc6 20. f4 Rfe8
21. Bd2 Nd4 22. Be3 Ne6 23. b4 f5 24. exf5 gxf5 25. Bb3 Kf8 26. g3 Ba6+ 27. Bc4
Rxc4 28. Rxc4 Rc8 29. Rdc1 Rc6 30. a4 Rd6 31. b5 Bb7 32. Ke2 Bxd5 33. Rc8+ Kf7
34. a5 bxa5 35. Bxa7 Bd4 36. Bxd4 Nxd4+ 37. Ke3 Nxb5 38. Rh8 a4 39. Rxh7+ Kg6
40. Rh8 $138 0-1

[Event "Bundesliga 9596"]
[Site "Deutschland"]
[Date "1995.??.??"]
[Round "?.2"]
[White "Hausner, Ivan"]
[Black "Smejkal, Jan"]
[Result "1/2-1/2"]
[WhiteElo "2455"]
[BlackElo "2520"]
[PlyCount "50"]
[EventDate "1995.10.??"]
[EventType "team"]
[EventRounds "15"]
[EventCountry "GER"]
[SourceTitle "Bundesliga 9596"]
[Source "DeepChess"]
[SourceDate "2005.01.01"]
[SourceVersion "1"]
[SourceVersionDate "2005.01.01"]
[SourceQuality "1"]
[WhiteTeam "Delmenhorster SK 1931"]
[BlackTeam "SK Passau 1869"]
[WhiteTeamCountry "GER"]
[BlackTeamCountry "GER"]

1. d4 Nf6 2. c4 g6 3. Nc3 d5 4. cxd5 Nxd5 5. g3 Bg7 6. Bg2 Nb6 7. Nf3 O-O 8.
O-O Nc6 9. e3 e5 10. d5 Ne7 11. e4 Bg4 12. a4 c6 13. a5 Nc4 14. a6 bxa6 15. Qb3
cxd5 16. Nxd5 Nxd5 17. Qxc4 Nb6 18. Qxa6 Be6 19. Bg5 Qd6 20. Nd2 Rfc8 21. Rfd1
Qb4 22. Qa3 Bf8 23. Qxb4 Bxb4 24. Be3 Rcb8 25. Bf1 a5 1/2-1/2

[Event "Bundesliga 9596"]
[Site "Deutschland"]
[Date "1995.??.??"]
[Round "?.3"]
[White "Schlosser, Philipp"]
[Black "Beckemeier, Werner"]
[Result "1-0"]
[WhiteElo "2500"]
[BlackElo "2380"]
[PlyCount "95"]
[EventDate "1995.10.??"]
[EventType "team"]
[EventRounds "15"]
[EventCountry "GER"]
[SourceTitle "Bundesliga 9596"]
[Source "DeepChess"]
[SourceDate "2005.01.01"]
[SourceVersion "1"]
[SourceVersionDate "2005.01.01"]
[SourceQuality "1"]
[WhiteTeam "SK Passau 1869"]
[BlackTeam "Delmenhorster SK 1931"]
[WhiteTeamCountry "GER"]
[BlackTeamCountry "GER"]

1. d4 Nf6 2. c4 g6 3. Nc3 Bg7 4. e4 O-O 5. Nf3 d6 6. Be2 e5 7. d5 Na6 8. Nd2
Bh6 9. Qc2 Bg4 10. Bxg4 Nxg4 11. O-O Nb4 12. Qb1 c5 13. dxc6 bxc6 14. a3 Na6
15. b4 Nc7 16. Qd3 Nf6 17. Nb3 Bg7 18. Na5 Qd7 19. Rd1 Nfe8 20. Be3 Ne6 21. c5
Nd4 22. cxd6 Nxd6 23. Ne2 Rfd8 24. Rac1 N6b5 25. Bxd4 Rac8 26. Rc5 Nxd4 27.
Nxd4 exd4 28. Rdc1 Bh6 29. R1c4 Bf8 30. Rxc6 Rxc6 31. Nxc6 Re8 32. b5 Qe6 33.
Rxd4 Qa2 34. Rc4 Qa1+ 35. Qf1 Qxa3 36. g3 Bc5 37. Qc1 Qxc1+ 38. Rxc1 Bb6 39.
Rc4 Kg7 40. Kg2 Re6 41. e5 f6 42. f4 fxe5 43. fxe5 Re8 44. Kf3 Rf8+ 45. Rf4 Re8
46. Ke4 a6 47. bxa6 Ra8 48. Rf6 1-0

[Event "Bundesliga 9596"]
[Site "Deutschland"]
[Date "1995.??.??"]
[Round "?.4"]
[White "Hermann, Manfred"]
[Black "Schmidt, Peter"]
[Result "0-1"]
[WhiteElo "2385"]
[BlackElo "2405"]
[PlyCount "62"]
[EventDate "1995.10.??"]
[EventType "team"]
[EventRounds "15"]
[EventCountry "GER"]
[SourceTitle "Bundesliga 9596"]
[Source "DeepChess"]
[SourceDate "2005.01.01"]
[SourceVersion "1"]
[SourceVersionDate "2005.01.01"]
[SourceQuality "1"]
[WhiteTeam "Delmenhorster SK 1931"]
[BlackTeam "SK Passau 1869"]
[WhiteTeamCountry "GER"]
[BlackTeamCountry "GER"]

1. e4 g6 2. d4 Bg7 3. Nc3 d6 4. f4 Nc6 5. Be3 Nf6 6. Nf3 e6 7. Qd2 O-O 8. O-O-O
Ne7 9. h3 b6 10. Bd3 c5 11. dxc5 bxc5 12. Bc4 Ne8 13. e5 Nf5 14. g4 Nxe3 15.
Qxe3 Qb6 16. Bb3 Bb7 17. Rhf1 Rc8 18. exd6 Nxd6 19. Na4 Qb5 20. Rfe1 Rfd8 21.
Ne5 c4 22. Nc3 Qb4 23. a3 Qa5 24. Rxd6 Rxd6 25. Nxc4 Rxc4 26. Bxc4 Rc6 27. Bb3
Rxc3 28. bxc3 Bxc3 29. Kd1 Bxe1 30. f5 Bf3+ 31. Kc1 Qc3 0-1

[Event "Bundesliga 9596"]
[Site "Deutschland"]
[Date "1995.??.??"]
[Round "?.6"]
[White "Borik, Otto"]
[Black "Pachman, Ludek"]
[Result "1-0"]
[WhiteElo "2400"]
[BlackElo "2325"]
[PlyCount "85"]
[EventDate "1995.10.??"]
[EventType "team"]
[EventRounds "15"]
[EventCountry "GER"]
[SourceTitle "Bundesliga 9596"]
[Source "DeepChess"]
[SourceDate "2005.01.01"]
[SourceVersion "1"]
[SourceVersionDate "2005.01.01"]
[SourceQuality "1"]
[WhiteTeam "Delmenhorster SK 1931"]
[BlackTeam "SK Passau 1869"]
[WhiteTeamCountry "GER"]
[BlackTeamCountry "GER"]

1. Nf3 d5 2. d4 Nf6 3. e3 c5 4. c3 Nbd7 5. Nbd2 Qc7 6. Bd3 e5 7. dxe5 Nxe5 8.
Nxe5 Qxe5 9. Bb5+ Bd7 10. Bxd7+ Nxd7 11. Qa4 Be7 12. O-O Qe6 13. e4 dxe4 14.
Nxe4 O-O 15. Ng5 Qf5 16. Nf3 Nb6 17. Qb5 Rfd8 18. a4 Qd3 19. Re1 Bf8 20. Qxd3
Rxd3 21. a5 Nd7 22. Bf4 a6 23. Kf1 Nf6 24. Bg5 Rd6 25. Ne5 Rad8 26. Nc4 Rd5 27.
h4 h6 28. Bxf6 gxf6 29. g3 h5 30. Kg2 Kg7 31. Re2 Kg6 32. Rae1 Bd6 33. Re8 Bc7
34. Rxd8 Bxd8 35. Re8 Rd7 36. Kf3 Rd1 37. Ke2 Rd7 38. Re3 Bc7 39. Rd3 Rxd3 40.
Kxd3 Kf5 41. Ne3+ Ke6 42. Ke4 Bxa5 43. Nf5 1-0

[Event "Bundesliga 9596"]
[Site "Deutschland"]
[Date "1995.??.??"]
[Round "?.7"]
[White "Schlingensiepen, Christian"]
[Black "Breutigam, Martin"]
[Result "1-0"]
[WhiteElo "2295"]
[BlackElo "2340"]
[PlyCount "67"]
[EventDate "1995.10.??"]
[EventType "team"]
[EventRounds "15"]
[EventCountry "GER"]
[SourceTitle "Bundesliga 9596"]
[Source "DeepChess"]
[SourceDate "2005.01.01"]
[SourceVersion "1"]
[SourceVersionDate "2005.01.01"]
[SourceQuality "1"]
[WhiteTeam "SK Passau 1869"]
[BlackTeam "Delmenhorster SK 1931"]
[WhiteTeamCountry "GER"]
[BlackTeamCountry "GER"]

1. e4 e6 2. d3 d5 3. Nd2 Nf6 4. Ngf3 c5 5. g3 Nc6 6. Bg2 Be7 7. O-O b6 8. Re1
Bb7 9. c3 Qc7 10. Nf1 d4 11. e5 Nd7 12. Bf4 dxc3 13. bxc3 h6 14. h4 O-O-O 15.
d4 Nf8 16. Qe2 Kb8 17. Rac1 Rd7 18. Red1 Na5 19. N1d2 Ng6 20. Be3 Rc8 21. Nb3
Nxb3 22. axb3 cxd4 23. Bxd4 Bf8 24. c4 Bb4 25. Be3 Rcd8 26. Rxd7 Qxd7 27. h5
Ne7 28. Nd4 Bxg2 29. Kxg2 Nc6 30. Nb5 Qb7 31. Kh2 Kc8 32. c5 Nxe5 33. cxb6+ Nc6
34. Nxa7+ 1-0

[Event "Bundesliga 9596"]
[Site "Deutschland"]
[Date "1995.??.??"]
[Round "?.8"]
[White "Schlemermeyer, Wilhelm"]
[Black "Kaiser, Wolfgang"]
[Result "1/2-1/2"]
[WhiteElo "2345"]
[BlackElo "2410"]
[PlyCount "35"]
[EventDate "1995.10.??"]
[EventType "team"]
[EventRounds "15"]
[EventCountry "GER"]
[SourceTitle "Bundesliga 9596"]
[Source "DeepChess"]
[SourceDate "2005.01.01"]
[SourceVersion "1"]
[SourceVersionDate "2005.01.01"]
[SourceQuality "1"]
[WhiteTeam "Delmenhorster SK 1931"]
[BlackTeam "SK Passau 1869"]
[WhiteTeamCountry "GER"]
[BlackTeamCountry "GER"]

1. e4 c5 2. Nf3 d6 3. d4 cxd4 4. Nxd4 Nf6 5. Nc3 g6 6. g3 Nc6 7. Bg2 Nxd4 8.
Qxd4 Bg7 9. a4 O-O 10. O-O Be6 11. Qb4 Rb8 12. a5 Qc8 13. Be3 a6 14. Ba7 Ra8
15. Bd4 Nd7 16. Bxg7 Kxg7 17. Rfe1 Re8 18. f4 1/2-1/2

[Event "Bundesliga 9596"]
[Site "Deutschland"]
[Date "1996.??.??"]
[Round "?.1"]
[White "Rozentalis, Eduardas"]
[Black "Rogers, Ian"]
[Result "1/2-1/2"]
[WhiteElo "2605"]
[BlackElo "2580"]
[PlyCount "28"]
[EventDate "1995.10.??"]
[EventType "team"]
[EventRounds "15"]
[EventCountry "GER"]
[SourceTitle "Bundesliga 9596"]
[Source "DeepChess"]
[SourceDate "2005.01.01"]
[SourceVersion "1"]
[SourceVersionDate "2005.01.01"]
[SourceQuality "1"]
[WhiteTeam "SK Zaehringen 1921"]
[BlackTeam "Delmenhorster SK 1931"]
[WhiteTeamCountry "GER"]
[BlackTeamCountry "GER"]

1. e4 c6 2. d4 d5 3. exd5 cxd5 4. c4 Nf6 5. Nc3 g6 6. Qb3 Bg7 7. cxd5 O-O 8.
Be2 Nbd7 9. Bf3 Nb6 10. h3 Bf5 11. Bg5 Bd3 12. Bxf6 Bxf6 13. Be2 Bxe2 14. Ngxe2
Qd7 1/2-1/2

[Event "Bundesliga 9596"]
[Site "Deutschland"]
[Date "1996.??.??"]
[Round "?.2"]
[White "Stohl, Igor"]
[Black "Hodgson, Julian M"]
[Result "1/2-1/2"]
[WhiteElo "2515"]
[BlackElo "2615"]
[PlyCount "23"]
[EventDate "1995.10.??"]
[EventType "team"]
[EventRounds "15"]
[EventCountry "GER"]
[SourceTitle "Bundesliga 9596"]
[Source "DeepChess"]
[SourceDate "2005.01.01"]
[SourceVersion "1"]
[SourceVersionDate "2005.01.01"]
[SourceQuality "1"]
[WhiteTeam "Delmenhorster SK 1931"]
[BlackTeam "SK Zaehringen 1921"]
[WhiteTeamCountry "GER"]
[BlackTeamCountry "GER"]

1. Nf3 d5 2. d4 c6 3. c3 Nf6 4. Bf4 Bf5 5. e3 e6 6. Nbd2 Be7 7. Be2 O-O 8. O-O
Ne4 9. Nxe4 Bxe4 10. c4 Nd7 11. Qb3 Qb6 12. Nd2 1/2-1/2